|
|
|
|
| LEADER |
01760cas a2200241 a 4500 |
| 001 |
AALejournalIMF006267 |
| 008 |
230101c9999 xx r poo 0 0eng d |
| 020 |
|
|
|c 5.00 USD
|
| 020 |
|
|
|z 9781451825190
|
| 022 |
|
|
|a 1934-7685
|
| 040 |
|
|
|a BD-DhAAL
|c BD-DhAAL
|
| 110 |
2 |
|
|a International Monetary Fund.
|
| 245 |
1 |
0 |
|a Republic of Moldova :
|b Request for a Three-Year Arrangement Under the Extended Credit Facility and Request for an Extended Arrangement.
|
| 264 |
|
1 |
|a Washington, D.C. :
|b International Monetary Fund,
|c 2010.
|
| 300 |
|
|
|a 1 online resource (91 pages)
|
| 490 |
1 |
|
|a IMF Staff Country Reports
|
| 500 |
|
|
|a <strong>Off-Campus Access:</strong> No User ID or Password Required
|
| 500 |
|
|
|a <strong>On-Campus Access:</strong> No User ID or Password Required
|
| 506 |
|
|
|a Electronic access restricted to authorized BRAC University faculty, staff and students
|
| 520 |
3 |
|
|a This paper discusses Moldova's request for a Three-Year Arrangement under the Extended Credit Facility and request for an Extended Arrangement. The economy remained overregulated and hampered by relative price distortions. High barriers to entry and low competition in telecommunications, trade, and food processing have kept domestic prices significantly above international prices of many consumer products. In contrast, utility tariffs generally remained well below cost-recovery levels, leading to substantial arrears and underinvestment. The crisis and pre-election spending hikes resulted in a large increase in the fiscal deficit.
|
| 538 |
|
|
|a Mode of access: Internet
|
| 830 |
|
0 |
|a IMF Staff Country Reports; Country Report ;
|v No. 2010/032
|
| 856 |
4 |
0 |
|z Full text available on IMF
|u http://elibrary.imf.org/view/journals/002/2010/032/002.2010.issue-032-en.xml
|z IMF e-Library
|